Statistics for Balkan Countries by Shape

Click here to take the quiz!

General Stats

  • This quiz has been taken 21 times
  • The average score is 11 of 12

Answer Stats

Answer% Correct
Bosnia and Herzegovina
100%
Serbia
100%
Albania
93%
Bulgaria
93%
Croatia
93%
Greece
93%
Kosovo
93%
Romania
93%
Montenegro
86%
North Macedonia
86%
Slovenia
86%
Turkey
86%

Score Distribution

Percentile by Number Answered

Percent of People with Each Score

Your Score History

You have not taken this quiz